| Tag |
First Indicator |
Second Indicator |
Subfields |
| LEADER |
00000nam a2200000Ia 4500 |
| 001 |
in00004241925 |
| 005 |
20200807091646.0 |
| 006 |
m g d |
| 007 |
cr bn |||a|bb| |
| 008 |
840105s1642 xx o 00| | eng d |
| 035 |
|
|
|a (OCoLC)10268684
|
| 040 |
|
|
|a UMI
|c UMI
|d WaOLN
|
| 037 |
|
|
|a CL0037000047
|b ProQuest Information and Learning. 300 N. Zeeb Rd., Ann Arbor, MI 48106
|
| 043 |
|
|
|a e-uk---
|
| 045 |
2 |
|
|b d1642
|b d1649
|
| 049 |
|
|
|a UMIA
|
| 090 |
|
|
|a DA410
|b .E53
|
| 110 |
1 |
|
|a England and Wales.
|b Parliament.
|
| 245 |
1 |
4 |
|a The petition of the Lords and Commons assembled in Parliament presented to His Maiestie at Beverley the 16 of Iuly 1642 :
|b with His Maiesties answer thereunto.
|
| 260 |
|
|
|a York :
|b Printed by Robert Barker and by the assignes of John Bill,
|c 1642.
|
| 300 |
|
|
|a 1 online resource (17 pages)
|
| 336 |
|
|
|a text
|b txt
|2 rdacontent
|
| 337 |
|
|
|a computer
|b c
|2 rdamedia
|
| 338 |
|
|
|a online resource
|b cr
|2 rdacarrier
|
| 500 |
|
|
|a "By the King: Our expresse pleasure is, that this our answer be read and published throughout all churches and chappels of the kingdom of England and dominion of Wales by the parsons, vicars, or curats of the same."
|
| 500 |
|
|
|a Reproduction of original in the Harvard University Library.
|
| 510 |
4 |
|
|a Wing
|c E2174A.
|
| 533 |
|
|
|a Electronic reproduction.
|b Ann Arbor, Mich. :
|c UMI,
|d 1999-
|f (Early English books online)
|n Digital version of: (Early English books, 1641-1700 ; 1382:31)
|7 s1999 miun s
|
| 651 |
|
0 |
|a Great Britain
|x History
|y Civil War, 1642-1649.
|
| 651 |
|
0 |
|a Great Britain
|x Politics and government
|y 1642-1649.
|
| 710 |
1 |
|
|a England and Wales.
|b Sovereign (1625-1649 : Charles I)
|
| 830 |
|
0 |
|a Early English books online.
|
| 856 |
4 |
0 |
|u http://proxy.library.tamu.edu/login?url=https://search.proquest.com/docview/2240942057
|z Connect to the full text of this electronic book
|t 0
|
| 999 |
f |
f |
|s 495fd1b1-d8e2-3aa0-9f04-43058f4c20ae
|i d9f7aada-8251-31f9-8762-6345e2e931c0
|t 0
|
| 952 |
f |
f |
|a Texas A&M University
|b College Station
|c Electronic Resources
|d Available Online
|t 0
|e DA410 .E53
|h Library of Congress classification
|
| 998 |
f |
f |
|a DA410 .E53
|t 0
|l Available Online
|